LEADER 01078naa a2200229 u 4500 001 000000093956 003 CaOOAMICUS 005 20070226130136.0 008 010723m19841985fr u000 u fre u 035 $a10898174 040 $aPUL(R)$bita 100 1 $aLalive, Jean-Flavien,$d1915-$0(OLS)http://pul/name/60169 245 10$aContrats entre états ou enterprises étatiques et personnes privées :$bdéveloppements récents /$cpar Jean-Flavien Lalive. 260 $a[S. l. :$bs. n.],$c1984-1985. 300 $aP. [1-283] 504 $aBibliografia in nota. 650 4$aDiritto internazionale del lavoro.$0(OLS)http://pul/subject/29452 650 4$aDiritto commerciale internazionale.$0(OLS)http://pul/subject/25158 773 0 $tRecueil des cours$gv.III (1983) 773 0 $tRecueil des cours 1983 : collected courses of The Hague Academy of International Law$w()60429 996 $6245$aContrats entre états ou enterprises étatiques et personnes privées :$bdéveloppements récents$9(OLS)http://pul/title/120813 996 $6260$a[S. l. :$bs. n.]$9(OLS)http://pul/publisher/47882 LEADER 01275nam a2200265 a 4500 001 000000162073 003 CaOOAMICUS 005 20170719110647.0 008 170719s1988 cc m 001 u ger r 032 $aLibriCat 040 $aPUL$bita 100 1 $aYang, Shih-Hsung (Thomas).$0(OLS)http://pul/name/103910 245 10$aAnalysis critica doctrinae sinicae marxistae de classibus socialibus :$beine kritische Reflexion /$cauctore Yang Shih-Hsung (Thomas) 260 $aTaiwan :$b[s.n.],$c1988. 300 $a89 p. ;$c24 cm. 502 $aEstratto da tesi -- Pontificia Universitas Gregoriana. Facultas philosophiae. 1988. 504 $aBibliografia in nota. 650 4$aMarxismo$xCritica e interpretazione.$0(OLS)http://pul/subject/18831 710 2 $aPontificia Università Gregoriana.$bFacoltà di filosofia.$kTesi.$0(OLS)http://pul/name/82053 850 $aPUL 852 $aPUL$W1$xDP1 Tesi Pon. Univ. Gregoriana$y40$mTH PUG 3485$j186058$qTesi$B189279$CPULBib$Z2$F189279 $H60018 $82 941 1 $a16 996 $6245$aAnalysis critica doctrinae sinicae marxistae de classibus socialibus :$beine kritische Reflexion$9(OLS)http://pul/title/201838 996 $6260$aTaiwan :$b[s.n.]$9(OLS)http://pul/publisher/86390